Projekt hodnotenia sústavného vzdelávania sestier a pôrodných asistentiek

Bibliographic Details
Corporate Author: Slovenská komora sestier a pôrodných asistentiek (Author)
Format: Article
Language:Slovak

MARC

LEADER 00000nab a2200000 a 4500
001 vtls010716244
003 SK-MaSNL
005 20260304194525.0
008 250709s2010 xo |||||||||||||||||slo|
035 |a (urnnbn)urn:nbn:sk:snk:ar-a04mpe 
035 |a (uuid)62869af9-7bbc-45c8-991c-d9f2b623d68b 
035 |a urn:nbn:sk:snk-ab3iac 
040 |a SNKBUCL  |b slo  |c SNKBUCL  |e AACR2 
041 0 |a slo 
044 |a xo  |c SK 
245 0 0 |a Projekt hodnotenia sústavného vzdelávania sestier a pôrodných asistentiek 
710 2 |a Slovenská komora sestier a pôrodných asistentiek  |4 aut  |9 122033 
773 0 |t Ošetrovateľstvo a pôrodná asistencia  |g Roč. 8, č. 2 (2010), s. 6 
850 |a Slovenská národná knižnica 
852 |a Slovenská národná knižnica 
954 |a odborná, vedecká literatúra pôvodná (slovenská)  |2 lita 
958 |a article1 
958 |a OND 
958 |a EUIPO 
999 |c 3074813  |d 3076743